|
|
|
|
| LEADER |
00000cam a22000002c 4500 |
| 001 |
1840059125 |
| 003 |
DE-627 |
| 005 |
20250706104705.0 |
| 007 |
cr uuu---uuuuu |
| 008 |
230324s2006 xx |||||o 00| ||eng c |
| 024 |
7 |
|
|a 10.3886/ICPSR13642.v1
|2 doi
|
| 035 |
|
|
|a (DE-627)1840059125
|
| 035 |
|
|
|a (DE-599)KXP1840059125
|
| 040 |
|
|
|a DE-627
|b ger
|c DE-627
|e rda
|
| 041 |
|
|
|a eng
|
| 084 |
|
|
|a 2,1
|2 ssgn
|
| 100 |
1 |
|
|a Earls, Felton J.
|e VerfasserIn
|4 aut
|
| 245 |
1 |
0 |
|a Project on Human Development in Chicago Neighborhoods (PHDCN): Physical Abuse Scale, Wave 2, 1997-2000
|
| 264 |
|
1 |
|a [Erscheinungsort nicht ermittelbar]
|b [Verlag nicht ermittelbar]
|c 2006
|
| 336 |
|
|
|a Text
|b txt
|2 rdacontent
|
| 337 |
|
|
|a Computermedien
|b c
|2 rdamedia
|
| 338 |
|
|
|a Online-Ressource
|b cr
|2 rdacarrier
|
| 520 |
|
|
|a The Project on Human Development in Chicago Neighborhoods (PHDCN) was a large-scale, interdisciplinary study of how families, schools, and neighborhoods affect child and adolescent development. One component of the PHDCN was the Longitudinal Cohort Study, which was a series of coordinated longitudinal studies that followed over 6,000 randomly selected children, adolescents, and young adults, and their primary caregivers over time to examine the changing circumstances of their lives, as well as the personal characteristics, that might lead them toward or away from a variety of antisocial behaviors. Numerous measures were administered to respondents to gauge various aspects of human development, including individual differences, as well as family, peer, and school influences. One such measure was the Physical Abuse Scale (PAS). The PAS was administered to the primary caregiver (PC) of subjects belonging to Cohorts 0-15. It measured the extent to which partners in a dating, cohabiting, or marital relationship engage in physical attacks on each other. This Wave 2 study replaced the Wave 1 partner-spouse version of the Conflict Tactics Scale (PROJECT ON HUMAN DEVELOPMENT IN CHICAGO NEIGHBORHOODS (PHDCN): CONFLICT TACTICS SCALE FOR PARTNER AND SPOUSE, WAVE 1, 1994-1997 [ICPSR 13583]).
|
| 540 |
|
|
|a ICPSR Terms of Use
|
| 650 |
|
4 |
|a Abuse
|
| 650 |
|
4 |
|a Adolescents
|
| 650 |
|
4 |
|a Aggression
|
| 650 |
|
4 |
|a Assault
|
| 650 |
|
4 |
|a Caregivers
|
| 650 |
|
4 |
|a Child Development
|
| 650 |
|
4 |
|a Childhood
|
| 650 |
|
4 |
|a Conflict
|
| 650 |
|
4 |
|a Domestic Violence
|
| 650 |
|
4 |
|a Hostility
|
| 650 |
|
4 |
|a Intimate Partner Violence
|
| 650 |
|
4 |
|a intimate partners
|
| 650 |
|
4 |
|a Neighborhoods
|
| 650 |
|
4 |
|a Social Behavior
|
| 650 |
|
4 |
|a spouse abuse
|
| 650 |
|
4 |
|a Threats
|
| 650 |
|
4 |
|a Violence
|
| 655 |
|
7 |
|a Forschungsdaten
|0 (DE-588)1098579690
|0 (DE-627)857755366
|0 (DE-576)469182156
|2 gnd-content
|
| 700 |
1 |
|
|a Brooks-Gunn, Jeanne
|e MitwirkendeR
|4 ctb
|
| 700 |
1 |
|
|a Raudenbush, Stephen W.
|e MitwirkendeR
|4 ctb
|
| 700 |
1 |
|
|a Sampson, Robert J.
|e MitwirkendeR
|4 ctb
|
| 787 |
0 |
8 |
|i Forschungsdaten zu
|a Nicholson, David F.
|t Disadvantaged Neighborhoods and Fear of Crime: Does Family Structure Matter
|d [Erscheinungsort nicht ermittelbar] : University of Oklahoma, 2010
|w (DE-627)1912514982
|
| 787 |
0 |
8 |
|i Forschungsdaten zu
|a Gibson, Chris L.
|t 'Does it take a village?' Assessing neighborhood influences on children's self-control
|d 2010
|w (DE-627)1912518589
|
| 787 |
0 |
8 |
|i Forschungsdaten zu
|a Jocson, Rosanne M.
|t Examining mothers' exposure to community violence: How does it influence young adolescents?
|d 2022
|w (DE-627)1912547015
|
| 787 |
0 |
8 |
|i Forschungsdaten zu
|a Stritzel, Haley
|t Exposure to violence in the context of family structure changes, social cohesion, and neighborhood crime
|d Population Association of America, 2017
|w (DE-627)1912553007
|
| 787 |
0 |
8 |
|i Forschungsdaten zu
|a Zimmerman, Gregory M.
|t Impulsivity, Offending, and the Neighborhood: Investigating the Person-Context Nexus
|d [Erscheinungsort nicht ermittelbar] : State University of New York, Albany, 2009
|w (DE-627)1912587246
|
| 787 |
0 |
8 |
|i Forschungsdaten zu
|a Jackson, Aubrey L.
|t Influences of Women's Individual and Neighborhood Resources on Relative Risks of Dissolution and Subsequent IPV
|d Annual Meeting of the American Society of Criminology, 2013
|w (DE-627)1912591588
|
| 787 |
0 |
8 |
|i Forschungsdaten zu
|a Jackson, Aubrey L.
|t Three Essays on the Protective Effects of Women's Neighborhood-Level Socioeconomic Resources on Intimate Partner Violence and Perceptions of Social Disorder
|d [Erscheinungsort nicht ermittelbar] : Ohio State University, 2013
|w (DE-627)1912724731
|
| 856 |
4 |
0 |
|u https://doi.org/10.3886/ICPSR13642.v1
|x Resolving-System
|z kostenfrei
|3 Volltext
|7 0
|
| 935 |
|
|
|a mkri
|
| 951 |
|
|
|a BO
|
| ELC |
|
|
|a 1
|
| LOK |
|
|
|0 000 xxxxxcx a22 zn 4500
|
| LOK |
|
|
|0 001 4296806750
|
| LOK |
|
|
|0 003 DE-627
|
| LOK |
|
|
|0 004 1840059125
|
| LOK |
|
|
|0 005 20230324125300
|
| LOK |
|
|
|0 008 230324||||||||||||||||ger|||||||
|
| LOK |
|
|
|0 035
|a (DE-2619)ICPSR13642
|
| LOK |
|
|
|0 040
|a DE-2619
|c DE-627
|d DE-2619
|
| LOK |
|
|
|0 092
|o n
|
| LOK |
|
|
|0 852
|a DE-2619
|
| LOK |
|
|
|0 852 1
|9 00
|
| LOK |
|
|
|0 935
|a foda
|a nacj
|
| LOK |
|
|
|0 939
|a 24-03-23
|b l01
|
| OAS |
|
|
|a 1
|
| ORI |
|
|
|a SA-MARC-krimdoka001.raw
|